000 00641nam a2200229Ia 4500
003 OSt
005 20220928102151.0
006 a|||||r|||| 00| 0
007 ta
008 220927b |||||||| |||| 00| 0 eng d
024 _a30302
037 _cTextual
040 _aSDCL
_cSDCL
_beng
041 _2eng
_aeng
082 _aQ22:2271:g, P2
100 _aGoyal Vina
_9396889
245 0 _aShilp-ras nirupan
_bAesthetics of plastic arts, historical study.
260 _aDelhi
_bParimal Publications
_c2002
300 _a144p.
_ccm.
942 _hQ22:2271:g, P2
_cTEXL
_2CC
999 _c712653
_d712653